000 00725nam a2200205Ia 4500
005 20260601193253.0
008 260601s9999||||xx |||||||||||||| ||und||
020 _a978-3-031-65123-6
_qebk
100 _aVictor C.M. Leung
245 0 _aQuality, Reliability, Security and Robustness in Heterogeneous Systems
250 _a2024
260 _aHeidelberg, Germany
_bSpringer Nature
_c2024
440 _aLecture Notes of the Institute for Computer Sciences, Social Informatics and Telecommunications Engineering
650 _aComputer Science
700 _aHezhang Li
700 _aXiping Hu
700 _aZhaolong Ning
856 _uhttps://link.springer.com/openurl?genre=book&isbn=978-3-031-65123-6
942 _cEB
_2ddc
999 _c56799
_d56799